000 00482nam a2200169 i 4500
001 56617
003 ES-MaACL
005 20230906163418.0
007 t|
008 031010s1958 sp ||||1| spa d
100 1 _aDickson, Carter.
_944498
245 1 3 _aLa lámpara de bronce /
_cCarter Dickson ; [versión de A. Rivero].
260 _aBarcelona :
_bG.P.,
_c[1958] (
_fGuada)
300 _a159 p. ;
_c18 cm.
700 1 _aRivero, A.
_997673
852 _aES-MaACL
_jC-14520
_bR.42125
999 _c56617
_d56617